| 000 | 00966nam a2200229Ia 4500 | ||
|---|---|---|---|
| 003 | OSt | ||
| 005 | 20200910102141.0 | ||
| 008 | 191128s1993 ck gr 000 0 spa d | ||
| 020 | _a9589528236 | ||
| 040 |
_aCO-JMCR _cCO-JMCR |
||
| 041 | 0 | _aspa | |
| 082 | 2 | 4 |
_a382.918 / _bM357g _223 |
| 110 | 2 |
_aMinisterio de Relaciones Exteriores de Colombia _910146 |
|
| 245 | 1 | 0 |
_aGrupo de los Tres. Colombia-Mexico-Venezuela / _cMinisterio de Relaciones Exteriores de Colombia |
| 260 |
_aBogotá : _bPunto Gráfico, _c1993. |
||
| 300 |
_a183 páginas ; _c21 x 24 cm |
||
| 300 | _c | ||
| 505 | 0 | _aReseña historica -- Lineamientos generales para el funcionamiento del grupo de los tres -- Reuniones de presidentes -- Reuniones de cancilleres -- Grupos de alto nivel : Instalaciones -- Situación de los grupos de alto nivel: Logros y perspectivas | |
| 650 | 2 | 4 |
_aRelaciones exteriores _zColombia _910147 |
| 650 | 2 | 4 |
_aRelaciones exteriores _zMéxico _910148 |
| 942 |
_2ddc _cBK |
||
| 999 |
_c5948 _d5948 |
||